Statistics for Name a Valid U.S. Subdivision

Click here to take the quiz!

General Stats

  • This quiz has been taken 82 times
  • The average score is 13 of 20

Answer Stats

Name a subdivision ...Valid Subdivisions% Correct
that is landlocked.Arizona | Arkansas | Colorado | Idaho | Illinois | Indiana | Iowa | Kansas | Kentucky | Michigan | Minnesota | Missouri | Montana | Nebraska | Nevada | New Mexico | North Dakota | Ohio | Oklahoma | Pennsylvania | South Dakota | Tennessee | Utah | Vermont | Washington, D.C. | West Virginia | Wisconsin | Wyoming
97%
that borders the Gulf of Mexico.Alabama | Florida | Louisiana | Mississippi | Texas
94%
that is in the Carribean Sea.Navassa Island | Puerto Rico | United States Virgin Islands
93%
that has hosted the Olympics.California | Georgia | Missouri | New York | Utah
91%
that is in the Eastern Hemisphere.Alaska | Guam | Northern Mariana Islands | Wake Island
89%
that starts with H.Hawaii | Howland Island
77%
that is more than 40% water area.American Samoa | Guam | Hawaii | Michigan | Northern Mariana Islands | United States Virgin Islands
74%
that had a volcanic eruption since 1900.Alaska | American Samoa | California | Hawaii | Northern Mariana Islands | Oregon | Washington
71%
that has between 3,000,000 and 4,000,000 inhabitants.Arkansas | Nevada | Iowa | Puerto Rico | Utah | Connecticut | Oklahoma
71%
whose lowest point is below sea level.California | Louisiana
71%
that is part of the United States Minor Outlying Islands.Baker Island | Howland Island | Jarvis Island | Johnston Atoll | Kingman Reef | Midway Islands | Navassa Island | Palmyra Atoll | Wake Island
61%
that is in the Southern Hemisphere.American Samoa | Jarvis Island
60%
that is less than 0.5% water area.Arizona | Baker Island | Colorado | Howland Island | Jarvis Island | Johnston Atoll | Kingman Reef | Midway Islands | Navassa Island | New Mexico | Palmyra Atoll | Wake Island
60%
that is uninhabited.Baker Island | Howland Island | Jarvis Island | Johnston Atoll | Kingman Reef | Navassa Island
57%
that is assigned electoral votes, but is not one of the 50 states.Washington, D.C.
54%
that is in the Mid-Atlantic cencus division.New Jersey | New York | Pennsylvania
43%
that was used by Pan Am as a stopover en route to Australia and New Zealand in the 1930s.American Samoa | Kingman Reef
27%
that is part of the Phoenix island group.Baker Island | Howland Island
27%
whose lowest point is below 50m (164ft), but above sea level.Arkansas | Arizona | Vermont | Washington, D.C.
23%
that was not a valid answer to any previous question.Connecticut | Delaware | Maine | Maryland | Massachusetts | New Hampshire | North Carolina | Rhode Island | South Carolina | Virginia
19%

Score Distribution

Percentile by Number Answered

Percent of People with Each Score

Your Score History

You have not taken this quiz